Regionalismo emergente: redes de la sociedad civil e integración centroamericana /

Salvato in:
Dettagli Bibliografici
Autore principale: Morales Gamboa, Abelardo
Altri autori: Cranshaw, Martha Isabel
Natura: testo
Pubblicazione: San José: FLACSO. Programa Costa Rica. IBIS
Soggetti:
Tags: Aggiungi Tag
Nessun Tag, puoi essere il primo ad aggiungerne!!

MARC

LEADER 00000 a a2200000 04500
001 11831
003
040
090 |a 140900  
100 |a Morales Gamboa, Abelardo  
245 |a Regionalismo emergente: redes de la sociedad civil e integración centroamericana /  |c Abelardo Morales Gamboa 
260 |a San José:   |b FLACSO. Programa Costa Rica. IBIS  
300 |a x, 66 p.  
650 |a SOCIEDAD  
650 |a PARTICIPACION SOCIAL  
650 |a MOVIMIENTOS SOCIALES  
650 |a REGIONALIZACION  
650 |a COOPERACION INTERNACIONAL  
650 |a RELACIONES INTERNACIONALES  
700 |a Cranshaw, Martha Isabel  
999 |c 12196  |d 12196